000 01278nam a22002537a 4500
005 20100111133449.0
008 100111t xxu||||| |||| 00| 0 hin d
010 _aHIN-88899
020 _c20.00
035 _aHN-61245
037 _bDBAD / PUB
040 _aDPL
_bHN
082 _a822
100 _aलक्ष्मीनारायण शास्त्री
245 _aचक्रव्यूहः (पौराणिक आधार पर आधुनिक नाटक) /
_cलक्ष्मीनारायण शास्त्री
246 _aChakrvyuh:(Pauranik Aadhar par Aadhunik Natak)/
_bby Laxminarayan Shashtry
260 _aजयपुर
_bबोधि प्रकाशन
_c2009
270 _aऐंचारा बिल्डिंग, सांगासेतु रोड, सांगानेर
_bजयपुर
_e0141- 2503989
300 _a56पृ.
_c22सेमी (अजिल्द)
650 _aहिन्दी नाटक
650 _aHindi darama
942 _2ddc
_cHN
_h822
_mलक्ष्मीना
999 _c33584
_d33584